Ceaseless and relentless journey / (Record no. 4660)
[ view plain ]
| 000 -LEADER | |
|---|---|
| fixed length control field | 00913nam a22002532 4500 |
| 001 - CONTROL NUMBER | |
| control field | 0000025252 |
| 005 - DATE AND TIME OF LATEST TRANSACTION | |
| control field | 20151217145955.0 |
| 008 - FIXED-LENGTH DATA ELEMENTS--GENERAL INFORMATION | |
| fixed length control field | 150330s xx 000 0 eng d |
| 020 ## - INTERNATIONAL STANDARD BOOK NUMBER | |
| International Standard Book Number | 8170121350 : |
| 040 ## - CATALOGING SOURCE | |
| Original cataloging agency | KABU |
| Transcribing agency | KABU |
| 100 1# - MAIN ENTRY--PERSONAL NAME | |
| Personal name | Ramaswamy. |
| -- | 0000185756 |
| 245 10 - TITLE STATEMENT | |
| Title | Ceaseless and relentless journey / |
| Statement of responsibility, etc. | by K. Ramaswamy. |
| 260 ## - PUBLICATION, DISTRIBUTION, ETC. (IMPRINT) | |
| Place of publication, distribution, etc. | Lucknow : |
| Name of publisher, distributor, etc. | Eastern Book Company, |
| Date of publication, distribution, etc. | 2008. |
| 300 ## - PHYSICAL DESCRIPTION | |
| Extent | xvi, 265 p. |
| 600 10 - SUBJECT ADDED ENTRY--PERSONAL NAME | |
| Personal name | Ramaswamy, K., |
| Dates associated with a name | 1932-. |
| -- | 0000185757 |
| 650 #0 - SUBJECT ADDED ENTRY--TOPICAL TERM | |
| Topical term or geographic name as entry element | Judges |
| Form subdivision | Biography |
| General subdivision | India. |
| -- | 0000185400 |
| 852 1# - LOCATION | |
| -- | p2150 KES |
| 852 1# - LOCATION | |
| -- | p2150 KES |
| 852 1# - LOCATION | |
| -- | p2150 KES |
| 852 1# - LOCATION | |
| -- | p2150 KES |
| 852 1# - LOCATION | |
| -- | p2150 KES |
| 908 ## - PUT COMMAND PARAMETER (RLIN) | |
| Put command parameter | 150330 |
| 950 ## - LOCAL HOLDINGS (RLIN) | |
| -- | 1 |
| Withdrawn status | Lost status | Source of classification or shelving scheme | Not for loan | Home library | Current library | Date acquired | Total Checkouts | Full call number | Barcode | Date last seen | Date last checked out | Price effective from | Koha item type |
|---|---|---|---|---|---|---|---|---|---|---|---|---|---|
| Library of Congress Classification | Kabarak, Main Campus | Kabarak, Main Campus | 17/12/2015 | 1 | KNS110 .R36 2008 c. 1 | 016831 | 12/06/2017 | 02/06/2017 | 17/12/2015 | General Collection | |||
| Library of Congress Classification | Kabarak, Main Campus | Kabarak, Main Campus | 17/12/2015 | KNS110 .R36 2008 c. 2 | 017804 | 17/12/2015 | 17/12/2015 | General Collection | |||||
| Library of Congress Classification | Kabarak, Main Campus | Kabarak, Main Campus | 17/12/2015 | 1 | KNS110 .R36 2008 c. 3 | 017805 | 23/10/2018 | 19/10/2018 | 17/12/2015 | General Collection | |||
| Library of Congress Classification | Kabarak, Main Campus | Kabarak, Main Campus | 17/12/2015 | 2 | KNS110 .R36 2008 c. 4 | 017806 | 07/09/2017 | 04/09/2017 | 17/12/2015 | General Collection | |||
| Library of Congress Classification | Kabarak, Main Campus | Kabarak, Main Campus | 17/12/2015 | KNS110 .R36 2008 c. 5 | 017807 | 17/12/2015 | 17/12/2015 | General Collection |